<?xml version="1.0" encoding="UTF-8"?>
<collection xmlns="http://www.loc.gov/MARC21/slim">
    <record>
        <controlfield tag="001">63992</controlfield>
        <controlfield tag="005">20171221155204.0</controlfield>
        <datafield tag="037" ind1=" " ind2=" ">
            <subfield code="a">TAZ-TFG-2017-3527</subfield>
        </datafield>
        <datafield tag="041" ind1=" " ind2=" ">
            <subfield code="a">spa</subfield>
        </datafield>
        <datafield tag="100" ind1="1" ind2=" ">
            <subfield code="a">De Buen Velicias, David</subfield>
        </datafield>
        <datafield tag="242" ind1="0" ind2="0">
            <subfield code="a">Geometric experiences: Rafael Leoz</subfield>
        </datafield>
        <datafield tag="245" ind1="0" ind2="0">
            <subfield code="a">Experiencias geométricas: Rafael Leoz</subfield>
        </datafield>
        <datafield tag="260" ind1=" " ind2=" ">
            <subfield code="a">Zaragoza</subfield>
            <subfield code="b">Universidad de Zaragoza</subfield>
            <subfield code="c">2017</subfield>
        </datafield>
        <datafield tag="506" ind1=" " ind2=" ">
            <subfield code="a">by-nc-sa</subfield>
            <subfield code="b">Creative Commons</subfield>
            <subfield code="c">3.0</subfield>
            <subfield code="u">http://creativecommons.org/licenses/by-nc-sa/3.0/</subfield>
        </datafield>
        <datafield tag="520" ind1=" " ind2=" ">
            <subfield code="a">En cierta medida, la particular carrera profesional de Rafael Leoz puede explicarse a partir de dos circunstancias que aparecieron a lo largo de su vida. La primera experiencia es, tanto profesional como personal, que adquirió durante la construcción del Poblado de Orcasitas, y que resultó decisiva en sus intereses profesionales. La toma de conciencia sobre la falta de vivienda en España le llevó a dedicar gran parte de su trabajo a la investigación en nuevos sistemas de prefabricación industrial en la construcción. Otro componente que marcó su tarea profesional fue el proceso cultural que acompañó a la posguerra y la transición española, que resulta clave para entender el auge y declive de las teorías y la proyección de Rafael Leoz.  Recuperamos la obra, el pensamiento, el trabajo y la herencia de esta figura, escasamente estudiada hasta el momento, mediante un análisis científico y formal. Su gran dedicación y esfuerzo en la búsqueda de una “arquitectura mejor para todos”, merece ser valorada en conjunto dentro del contexto de la arquitectura española, para comprobar la vigencia de algunos de sus planteamientos en el contexto actual.</subfield>
        </datafield>
        <datafield tag="521" ind1=" " ind2=" ">
            <subfield code="a">Graduado en Estudios en Arquitectura</subfield>
        </datafield>
        <datafield tag="540" ind1=" " ind2=" ">
            <subfield code="a">Derechos regulados por licencia Creative Commons</subfield>
        </datafield>
        <datafield tag="700" ind1=" " ind2=" ">
            <subfield code="a">Cervero Sánchez, Noelia</subfield>
            <subfield code="e">dir.</subfield>
        </datafield>
        <datafield tag="710" ind1="2" ind2=" ">
            <subfield code="a">Universidad de Zaragoza</subfield>
            <subfield code="b">Unidad Predepartamental de Arquitectura</subfield>
            <subfield code="c">Expresión Gráfica Arquitectónica</subfield>
        </datafield>
        <datafield tag="856" ind1="0" ind2=" ">
            <subfield code="f">503566@celes.unizar.es</subfield>
        </datafield>
        <datafield tag="856" ind1="4" ind2=" ">
            <subfield code="s">3625850</subfield>
            <subfield code="u">http://zaguan.unizar.es/record/63992/files/TAZ-TFG-2017-3527.pdf</subfield>
            <subfield code="y">Memoria (spa)</subfield>
        </datafield>
        <datafield tag="909" ind1="C" ind2="O">
            <subfield code="o">oai:zaguan.unizar.es:63992</subfield>
            <subfield code="p">driver</subfield>
            <subfield code="p">trabajos-fin-grado</subfield>
        </datafield>
        <datafield tag="950" ind1=" " ind2=" ">
            <subfield code="a"></subfield>
        </datafield>
        <datafield tag="951" ind1=" " ind2=" ">
            <subfield code="a">deposita:2017-12-21</subfield>
        </datafield>
        <datafield tag="980" ind1=" " ind2=" ">
            <subfield code="a">TAZ</subfield>
            <subfield code="b">TFG</subfield>
            <subfield code="c">EINA</subfield>
        </datafield>
    </record>

    
</collection>